|
|
|
|
| LEADER |
01337nam a22002893u 4500 |
| 001 |
10104916 |
| 003 |
upatras |
| 005 |
20210121105705.0 |
| 008 |
991022s eng |
| 020 |
|
|
|a 0 201 42777 X
|
| 040 |
|
|
|a Βιβλιοθήκη ΕΑΙΤΥ
|c Βιβλιοθήκη ΕΑΙΤΥ
|
| 041 |
0 |
|
|a eng
|
| 245 |
1 |
0 |
|a A guide to LATEX 2ε
|b Document Preparation for Beginners and Advanced Users
|
| 250 |
|
|
|a 2nd ed
|
| 260 |
|
|
|a Harlow
|a England
|b Addison-Wesley
|c c1995
|
| 300 |
|
|
|a x, 553p.
|b fig. index
|
| 500 |
|
|
|a Εργαστήριο Συνδυαστικών Αλγορίθμων (πρώην Εργαστήριο Θεμελιώσεως Επιστήμης των Υπολογιστών)
|
| 650 |
|
4 |
|a COMPUTERISED TYPESETTING
|9 114002
|
| 650 |
|
4 |
|a LaTeX (Πρόγραμμα Η/Υ)
|9 114003
|
| 650 |
|
4 |
|a LaTeX 2e (Πρόγραμμα Η/Υ)
|9 123160
|
| 650 |
|
4 |
|a ΕΣΑ
|9 113671
|
| 700 |
1 |
|
|a Daly, Patrick W.
|4 aut
|9 47534
|
| 700 |
1 |
|
|a Kopka, Helmut
|4 aut
|9 47533
|
| 852 |
|
|
|a GR-PaULI
|b ΠΑΤΡΑ
|b ΤΜΗΥΠ
|h 686.225 44 KOP
|t 1
|
| 942 |
|
|
|2 ddc
|
| 952 |
|
|
|0 0
|1 0
|2 ddc
|4 0
|6 686_225000000000000_44_KOP
|7 0
|8 NFIC
|9 135855
|a LISP
|b LISP
|c ALFf
|d 2016-04-24
|l 0
|o 686.225 44 KOP
|p 025000282768
|r 2016-04-24 00:00:00
|t 1
|w 2016-04-24
|y BK15
|x Μεταφορά από Τμ. Μηχανικών ΗΥ & Πληροφορικής
|
| 999 |
|
|
|c 88961
|d 88961
|